[Event "Titled Tuesday intern op 03rd Aug"]
[Site "Chess.com INT"]
[Date "2021.08.03"]
[Round "8"]
[White "Praggnanandhaa, Rameshbabu"]
[Black "Ivanisevic, Ivan"]
[Result "1-0"]
[WhiteElo "2608"]
[BlackElo "2585"]
[PlyCount "59"]
[EventDate "2021.08.03"]
[EventType "swiss (blitz)"]
[EventRounds "11"]
[EventCountry "USA"]
[SourceTitle "CBM 203 Extra"]
[Source "ChessBase"]
[SourceDate "2021.09.30"]
[SourceVersion "1"]
[SourceVersionDate "2021.09.30"]
[SourceQuality "1"]

1. Nf3 d5 2. g3 g6 3. c4 dxc4 4. Na3 Bg7 5. Nxc4 Nc6 6. d3 e5 7. Bd2 Nge7 8. b4 a6 9. Rc1 O-O 10. Bg2 Be6 11. O-O h6 12. a4 Bd5 13. b5 $146 ({RR} 13. Ne3 Be6 14. Rc5 Nd4 15. Nc4 b6 16. Rxe5 Bxc4 17. Rxe7 Bb3 18. Qb1 Bd5 19. Re3 Nf5 20. Re4 Bxe4 21. dxe4 Nd4 22. Nxd4 Qxd4 23. Be3 Qc4 24. Rc1 Qxe2 25. Bf1 Qh5 26. Rxc7 Rad8 27. Rc1 Bd4 {Emir,E (2006)-Anacak,H (2095) Cesme TUR 2024 ½-½ (31)}) 13... axb5 14. axb5 Nd4 15. Nfxe5 Bxg2 16. Kxg2 Qd5+ 17. e4 Qxb5 18. Rb1 Qa6 19. Bc3 Ne6 20. Qc2 b5 21. Ra1 Qc8 22. Ne3 c5 23. Rxa8 Qxa8 24. Nd7 Rd8 25. Bxg7 Kxg7 26. Qc3+ Nd4 27. Nxc5 Nec6 28. Nd5 b4 29. Nxb4 Qa5 30. Nb7 1-0

[Event "Titled Tuesday intern op 03rd Aug"]
[Site "Chess.com INT"]
[Date "2021.08.03"]
[Round "9"]
[White "Hansen, Eric"]
[Black "Ivanisevic, Ivan"]
[Result "1-0"]
[WhiteElo "2606"]
[BlackElo "2585"]
[PlyCount "61"]
[EventDate "2021.08.03"]
[EventType "swiss (blitz)"]
[EventRounds "11"]
[EventCountry "USA"]
[SourceTitle "CBM 203 Extra"]
[Source "ChessBase"]
[SourceDate "2021.09.30"]
[SourceVersion "1"]
[SourceVersionDate "2021.09.30"]
[SourceQuality "1"]

1. Nf3 d5 2. g3 g6 3. Bg2 Bg7 4. O-O e5 5. d3 Nc6 6. e4 dxe4 7. dxe4 Qxd1 8. Rxd1 Bg4 9. c3 Nf6 10. Nbd2 ({RR} 10. h3 Be6 11. Ng5 Bd7 12. Nd2 h6 13. Ngf3 O-O-O 14. Re1 Be6 15. Bf1 Nd7 16. Nb3 a5 17. Be3 a4 18. Nbd2 Bf8 19. b4 axb3 20. axb3 Bc5 21. Bxc5 Nxc5 22. b4 Nd7 23. Nc4 f6 24. Ra8+ Ncb8 {Carlsen,M (2830)-Wei Yi (2755) Warsaw POL 2024 1-0 (58)}) ({RR} 10. h3 Be6 11. Ng5 Bd7 12. Nd2 h6 13. Ngf3 O-O-O 14. Re1 Be6 15. Bf1 Ne8 16. Kg2 Nd6 17. b4 Rhe8 18. Nh4 g5 19. Nhf3 f5 20. b5 Na5 21. exf5 Bd5 22. g4 c5 23. bxc6 Nxc6 24. Bb2 e4 {Petriashvili,N (2450)-Lumachi,G (2450) Trieste ITA 2025 ½-½ (39)}) ({RR} 10. h3 Be6 11. Ne1 a5 12. a4 Nd7 13. Be3 O-O-O 14. Na3 f5 15. exf5 gxf5 16. Nd3 Bb3 17. Rdc1 e4 18. Nf4 Nde5 19. Bf1 Bh6 20. Nb5 Nf3+ 21. Kg2 Nce5 22. Nd4 Nxd4 23. cxd4 Nf3 24. d5 Bg7 {Heinemann,J (2285)-Ivanisevic,I (2606) Chess.com INT 2021 0-1 (37)}) 10... O-O-O 11. Re1 h6 12. Nc4 Rhe8 $146 ({RR} 12... Nd7 13. Ne3 Be6 14. b4 Nb6 15. a4 a5 16. b5 Nb8 17. Bd2 g5 18. h3 h5 19. g4 hxg4 20. hxg4 f6 21. c4 Nxc4 22. Nxc4 Bxc4 23. Bxa5 Be6 24. Rac1 Rd7 25. Nd2 Kd8 26. Rxc7 Ke8 27. Rec1 {Rahman,Z (2427)-Gupta,A (2631) Abu Dhabi 2022 1-0 (32)}) 13. h3 Be6 14. Ncxe5 Nxe5 15. Nxe5 Nxe4 16. Rxe4 Rd1+ 17. Kh2 Bd5 18. Rd4 Rxc1 19. Rxc1 Bxg2 20. Kxg2 Rxe5 21. Rcd1 Bf6 22. Rf4 Re6 23. Rd3 Rb6 24. b4 Rc6 25. b5 Rb6 26. c4 a6 27. a4 axb5 28. axb5 Re6 29. Rdf3 Be7 30. Rxf7 b6 31. Re3 1-0

[Event "Titled Tuesday intern op 10th Aug"]
[Site "Chess.com INT"]
[Date "2021.08.10"]
[Round "6"]
[White "Bologan, Viktor"]
[Black "Ibarra Jerez, Jose Carlos"]
[Result "1-0"]
[WhiteElo "2574"]
[BlackElo "2558"]
[PlyCount "61"]
[EventDate "2021.08.10"]
[EventType "swiss (blitz)"]
[EventRounds "11"]
[EventCountry "USA"]
[SourceTitle "CBM 203 Extra"]
[Source "ChessBase"]
[SourceDate "2021.09.30"]
[SourceVersion "1"]
[SourceVersionDate "2021.09.30"]
[SourceQuality "1"]

1. e4 c5 2. Nf3 e6 3. d3 Nc6 4. g3 g6 5. Bg2 Bg7 6. O-O Nge7 7. c3 d5 8. Qe2 h6 9. h4 O-O 10. e5 b6 11. Bf4 a5 12. a4 Ba6 13. Na3 Qd7 14. Rfe1 Rac8 $146 ({RR} 14... Rad8 15. Nh2 Nf5 16. Ng4 Qe7 17. Qd2 Kh7 18. Nb5 Bxb5 19. axb5 Na7 20. Nf6+ Bxf6 21. exf6 Qxf6 22. Bc7 Nxb5 23. Bxb6 Ra8 24. Bxc5 Rfc8 25. d4 Nfd6 26. Qe2 a4 27. Ra2 Nc4 28. Rc1 a3 29. b3 {Janev,E (2473)-Primel,D (2129) Sautron 2002 1-0 (39)}) 15. Nb5 Rcd8 16. Qd2 Kh7 17. Kh2 d4 18. c4 Nb4 19. Rh1 Bb7 20. Nd6 Bc6 21. b3 Nf5 22. Ne4 Bxe4 23. dxe4 Ne7 24. h5 g5 25. Bxg5 hxg5 26. Nxg5+ Kg8 27. h6 Bxe5 28. Nf3 Ng6 29. Nxe5 Nxe5 30. Qg5+ Ng6 31. Qf6 1-0

[Event "Titled Tuesday intern op 10th Aug"]
[Site "Chess.com INT"]
[Date "2021.08.10"]
[Round "7"]
[White "Ibarra Jerez, Jose Carlos"]
[Black "Nasuta, Grzegorz"]
[Result "1-0"]
[WhiteElo "2558"]
[BlackElo "2518"]
[PlyCount "71"]
[EventDate "2021.08.10"]
[EventType "swiss (blitz)"]
[EventRounds "11"]
[EventCountry "USA"]
[SourceTitle "CBM 203 Extra"]
[Source "ChessBase"]
[SourceDate "2021.09.30"]
[SourceVersion "1"]
[SourceVersionDate "2021.09.30"]
[SourceQuality "1"]

1. Nf3 Nf6 2. g3 g6 3. b3 Bg7 4. Bb2 O-O 5. Bg2 d5 6. c4 c5 7. cxd5 Nxd5 8. Bxg7 Kxg7 9. O-O Nc6 10. d4 cxd4 11. Nxd4 Ndb4 12. Nxc6 Nxc6 13. Bxc6 ({RR} 13. Qc1 Qc7 14. Qb2+ Kg8 15. Nc3 Be6 16. Ne4 Bd5 17. Rac1 Rfd8 18. Rc5 Bxe4 19. Bxe4 Rd6 20. Rfc1 Rad8 21. Kg2 Qb6 22. Bxc6 Rxc6 23. Rxc6 bxc6 24. Qe5 Qb7 25. Qe4 Rd6 26. Rc5 Rd5 27. Rc4 Rd6 {Das,S (2416)-Wang,L (2076) Canberra AUS 2025 1-0 (45)}) 13... bxc6 14. Qc2 ({RR} 14. Nc3 c5 15. Rc1 Be6 16. Ne4 c4 17. bxc4 Rc8 18. Nd2 Qa5 19. Qc2 Rfd8 20. Qb2+ Kg8 21. Rc3 Qe5 22. Nf3 Qf6 23. Qb4 Rb8 24. Qa3 Bh3 25. Re1 Rd6 26. Qxa7 Rb2 27. Re3 Ra6 28. Qxe7 Qxe7 {Granda Zuniga,J (2665)-Salgado Lopez,I (2624) Camarinas 2013 1-0 (57)}) 14... Qd5 $146 ({RR} 14... Bf5 15. e4 Bh3 16. Rd1 Qb6 17. Nc3 Rad8 18. Na4 Qb5 19. Qc3+ Kg8 20. Qe3 Bg4 21. f3 Be6 22. Rac1 a5 23. Kf2 Qh5 24. h4 Qb5 25. Qe2 Qb7 26. Qe3 Rd6 27. Nc5 Qb4 28. Nxe6 fxe6 29. Rxd6 {Md,B (2140)-Winkels,M (1945) chess.com INT 2024 1-0 (43)}) 15. Rd1 Qe6 16. Nc3 Ba6 17. Ne4 Qf5 18. Rd2 Rad8 19. Rad1 Rd5 20. Rxd5 cxd5 21. Qb2+ f6 22. Nc5 Bc8 23. Qd4 Rd8 24. f3 e5 25. Qa4 Qc2 26. Qxa7+ Kh6 27. Re1 Qd2 28. Kf2 d4 29. Qe7 Bh3 30. g4 Rc8 31. Ne4 Qe3+ 32. Kg3 Bxg4 33. Qxf6 Bf5 34. Qh4+ Kg7 35. Qe7+ Kh6 36. Qxe5 1-0

[Event "Saint Louis Rapid"]
[Site "Saint Louis"]
[Date "2021.08.12"]
[Round "5"]
[White "Caruana, Fabiano"]
[Black "Dominguez Perez, Leinier"]
[Result "1-0"]
[WhiteElo "2806"]
[BlackElo "2758"]
[PlyCount "83"]
[EventDate "2021.08.11"]
[EventType "tourn (rapid)"]
[EventRounds "9"]
[EventCountry "USA"]
[EventCategory "20"]
[SourceTitle "CBM 204"]
[Source "ChessBase"]
[SourceDate "2021.10.31"]
[SourceVersion "1"]
[SourceVersionDate "2021.10.31"]
[SourceQuality "1"]

1. Nf3 Nf6 2. g3 c5 3. Bg2 Nc6 4. O-O e5 5. e4 d6 6. d3 g6 7. c4 ({RR} 7. a3 Bg7 8. c3 O-O 9. b4 a6 10. Nbd2 b5 11. Rb1 Nd7 12. Nb3 cxb4 13. axb4 Nb6 14. Be3 Be6 15. Qd2 Rc8 16. Rfc1 Re8 17. h4 Na4 18. c4 h5 19. Kh2 Bg4 20. cxb5 axb5 21. Na5 Nd4 {Carlsen,M (2822)-Karjakin,S (2773) Saint Louis 2017 1-0 (42)}) ({RR} 7. Nc3 Bg7 8. Nd2 O-O 9. Nc4 Bg4 10. f3 Be6 11. Ne3 d5 12. exd5 Nxd5 13. Nexd5 Bxd5 14. Nxd5 Qxd5 15. Be3 Qd6 16. Qd2 Rad8 17. Rae1 c4 18. Qf2 cxd3 19. Bc5 Qd5 20. Bxf8 Bxf8 21. Qd2 Qc5+ {Shuvalova,P (2500)-Paravyan,D (2596) chess.com INT 2025 0-1 (104)}) 7... Bg7 8. Nc3 O-O 9. a3 Nd4 $146 ({RR} 9... a6 10. Rb1 Rb8 11. b4 cxb4 12. axb4 b5 13. cxb5 axb5 14. h3 Be6 15. Be3 Qc8 16. Ng5 Bd7 17. Qd2 h6 18. Nf3 Bxh3 19. Bxh6 Bg4 20. Be3 Qd7 21. Ng5 Qd8 22. Rfc1 Bd7 23. Nf3 Ng4 24. Nd5 {Amin,B (2682)-Esipenko,A (2703) Chartres FRA 2024 ½-½ (40)}) ({RR} 9... a6 10. Rb1 Rb8 {½-½ (10) Caruana,F (2781)-Paravyan,D (2617) Chess.com INT 2022}) 10. h3 a5 11. Nxd4 exd4 12. Nb5 a4 13. f4 Ne8 14. f5 Bd7 15. b3 axb3 16. Qxb3 Be5 17. Bf4 g5 18. Bxe5 dxe5 19. a4 f6 20. Rfb1 Bc6 21. Qd1 Kh8 22. Kh2 Ra5 23. Qd2 Qa8 24. Qd1 Qd8 25. Bf3 Qe7 26. Qd2 Ra6 27. a5 Rg8 28. g4 Nd6 29. Nxd6 Qxd6 30. Kg3 Kg7 31. h4 h6 32. Rh1 Raa8 33. Bd1 Qc7 34. Ba4 Rxa5 35. hxg5 hxg5 36. Qh2 Kf8 37. Bxc6 bxc6 38. Qh6+ Kf7 39. Qh7+ Rg7 40. Qh5+ Ke7 41. Qh8 Rf7 42. Rh7 1-0

[Event "Saint Louis Rapid"]
[Site "Saint Louis"]
[Date "2021.08.13"]
[Round "8"]
[White "Rapport, Richard"]
[Black "Xiong, Jeffery"]
[Result "1-0"]
[WhiteElo "2763"]
[BlackElo "2710"]
[PlyCount "77"]
[EventDate "2021.08.11"]
[EventType "tourn (rapid)"]
[EventRounds "9"]
[EventCountry "USA"]
[EventCategory "20"]
[SourceTitle "CBM 204"]
[Source "ChessBase"]
[SourceDate "2021.10.31"]
[SourceVersion "1"]
[SourceVersionDate "2021.10.31"]
[SourceQuality "1"]

1. Nf3 d5 2. g3 g6 3. Bg2 Bg7 4. O-O e5 5. d3 Nc6 6. Nc3 Nge7 7. e4 d4 8. Ne2 ({RR} 8. Nd5 O-O 9. Bg5 f6 10. Nxe7+ Nxe7 11. Bd2 Be6 12. h3 Qd7 13. Kh2 c5 14. Qe2 Rac8 15. c3 c4 16. cxd4 cxd3 17. Qe3 exd4 18. Nxd4 Bc4 19. Rfc1 f5 20. Bc3 Rce8 21. Nf3 Nd5 22. Qc5 fxe4 {Stanojevic,I (2224)-Gruzman,I (2183) chess.com INT 2025 0-1 (60)}) 8... h6 ({RR} 8... O-O 9. c3 a5 10. cxd4 Nxd4 11. Nexd4 exd4 12. Bf4 c5 13. a4 b6 14. Nd2 Be6 15. b3 Nc6 16. Nc4 Nb4 17. h4 h5 18. Kh2 Ra7 19. Bh3 Bxh3 20. Kxh3 f5 21. e5 Re8 22. Re1 Re6 23. Qe2 {Rapport,R (2752)-Gukesh,D (2744) Zagreb CRO 2023 0-1 (102)}) 9. c3 $146 ({RR} 9. Ne1 g5 10. f4 gxf4 11. gxf4 Bg4 12. f5 Qd6 13. Bf3 Bxf3 14. Nxf3 O-O-O 15. Kh1 Bf6 16. Rg1 Rdg8 17. Rxg8+ Nxg8 18. c3 dxc3 19. bxc3 h5 20. Be3 Be7 21. Qd2 Nf6 22. Ng5 Nd8 23. h3 Ng4 {Campbell,B (2197)-Fullbrook,N (2225) Brantford 1999 0-1 (51)}) 9... dxc3 10. bxc3 b6 11. Qc2 O-O 12. Rd1 Ba6 13. d4 exd4 14. cxd4 Nb4 15. Qd2 c5 16. Bb2 cxd4 17. Nexd4 Nd3 18. Ba3 Bxd4 19. Nxd4 Qxd4 20. Bxe7 Rfe8 21. e5 Rxe7 22. Bxa8 Rxe5 23. Re1 Rf5 24. Re8+ Kh7 25. Rf1 Qf6 26. Be4 Ne5 27. Rd1 Bb5 28. Rc8 Bd3 29. Bg2 Ba6 30. Rc7 Nd3 31. Rf1 Ne5 32. Rd1 Nd3 33. Qc3 Qe6 34. Qb3 Qe8 35. Bc6 Qe2 36. Rxf7+ Kh8 37. Qc3+ Re5 38. Ba4 Kg8 39. Bb3 1-0

[Event "Kramnik Challenge"]
[Site "chess24.com INT"]
[Date "2021.08.15"]
[Round "13"]
[White "Liang, Awonder"]
[Black "Murzin, Volodar"]
[Result "1-0"]
[WhiteElo "2587"]
[BlackElo "2505"]
[PlyCount "65"]
[EventDate "2021.08.12"]
[EventType "tourn (rapid)"]
[EventRounds "15"]
[EventCountry "GER"]
[EventCategory "11"]
[SourceTitle "CBM 203 Extra"]
[Source "ChessBase"]
[SourceDate "2021.09.30"]
[SourceVersion "1"]
[SourceVersionDate "2021.09.30"]
[SourceQuality "1"]

1. Nf3 d5 2. g3 c6 3. Bg2 Bg4 4. O-O Nd7 5. h3 Bh5 6. d4 e6 7. c4 Be7 8. Nc3 dxc4 9. a4 a5 10. e4 Ngf6 11. Qe2 Bxf3 12. Bxf3 Nb6 13. Rd1 ({RR} 13. Be3 O-O 14. Bg2 Bb4 15. Rfd1 Qe7 16. Qc2 Nfd7 17. Na2 Bd6 18. Nc3 e5 19. dxe5 Bc5 20. Bxc5 Qxc5 21. Kh2 Nxe5 22. f4 Nd3 23. e5 Rad8 24. Ne4 Qd4 25. b3 Nd5 26. Qxc4 Ne3 27. Qxd4 Rxd4 {Kozak,A (2523)-Murzin,V (2442) Caleta 2020 ½-½ (36)}) 13... O-O 14. Bg2 $146 ({RR} 14. h4 Bb4 15. Bg5 h6 16. Be3 Nfd7 17. Bg2 Qe7 18. e5 Rad8 19. Ne4 f5 20. exf6 Nxf6 21. Nc5 e5 22. dxe5 Rxd1+ 23. Rxd1 Qxe5 24. Nxb7 Nfd5 25. Bxd5+ cxd5 26. Qg4 Nxa4 27. Qd7 Nxb2 28. Bd4 Qe7 {Sjugirov,S (2674)-Kobalia,M (2609) Chess.com INT 2020 0-1 (55)}) 14... Bb4 15. g4 Nfd7 16. Be3 Qe7 17. g5 e5 18. dxe5 Qxe5 19. f4 Qe7 20. Kh1 Nc5 21. f5 Bxc3 22. Bxc5 Qxc5 23. bxc3 Rfe8 24. Qd2 g6 25. Qf4 Qe5 26. Qf2 Qc7 27. Qh4 Nd7 28. Rd4 Ne5 29. Rad1 Rad8 30. Qh6 Rxd4 31. cxd4 Nd3 32. f6 Nf2+ 33. Kg1 1-0

[Event "Moscow Smyslov Region Group Cup"]
[Site "Moscow"]
[Date "2021.08.16"]
[Round "2"]
[White "Matlakov, Maxim"]
[Black "Najer, Evgeniy"]
[Result "1-0"]
[WhiteElo "2680"]
[BlackElo "2654"]
[PlyCount "79"]
[EventDate "2021.08.16"]
[EventType "swiss (blitz)"]
[EventRounds "14"]
[EventCountry "RUS"]
[SourceTitle "CBM 203 Extra"]
[Source "ChessBase"]
[SourceDate "2021.09.30"]
[SourceVersion "1"]
[SourceVersionDate "2021.09.30"]
[SourceQuality "1"]

1. Nf3 d5 2. g3 c5 3. Bg2 f6 4. d4 cxd4 5. Nxd4 e5 6. Nb3 Ne7 7. O-O ({RR} 7. c4 d4 8. e3 Nbc6 9. exd4 exd4 10. O-O h5 11. N1d2 h4 12. Nf3 hxg3 13. hxg3 Bh3 14. Nbxd4 Bxg2 15. Kxg2 Qd7 16. Rh1 Rxh1 17. Kxh1 O-O-O 18. Be3 Nf5 19. Nxf5 Qxd1+ 20. Rxd1 Rxd1+ 21. Kg2 g6 {Aliyev,E (2080)-Koshulyan,E (2265) chess.com INT 2025 0-1 (36)}) 7... Nbc6 8. Nc3 Be6 9. Nc5 $146 ({RR} 9. a4 h5 10. Nc5 Bc8 11. a5 Rb8 12. a6 bxa6 13. Nxa6 Rb6 14. Nc5 h4 15. N5a4 Rb4 16. e4 hxg3 17. hxg3 Bh3 18. Bxh3 Rxh3 19. Nxd5 Rxe4 20. Nxe7 Qxd1 21. Rxd1 Bxe7 22. Nc3 Rc4 23. Ra6 Rh8 {Gelfand,B (2657)-Makarian,R (2547) New York USA 2024 ½-½ (56)}) 9... Bc8 10. a4 b6 11. Nb3 Be6 12. a5 bxa5 13. e3 Rb8 14. Qe2 h5 15. Rd1 Bg4 16. Bf3 Qd7 17. Nxa5 Nb4 18. Ra4 Qf5 19. Bxg4 hxg4 20. e4 Qh5 21. h4 g5 22. Kg2 gxh4 23. Rh1 h3+ 24. Kh2 a6 25. exd5 Qf5 26. Rd1 Nxc2 27. Ne4 Qf3 28. Qxf3 gxf3 29. d6 Nf5 30. d7+ Kf7 31. Nc6 Ra8 32. d8=Q Rxd8 33. Rxd8 Ncd4 34. Nxd4 Nxd4 35. Be3 Nf5 36. Rxa6 Nxe3 37. fxe3 f5 38. Ng5+ Ke7 39. Rd2 e4 40. Re6# 1-0

[Event "Moscow Smyslov Region Group Cup"]
[Site "Moscow"]
[Date "2021.08.16"]
[Round "9"]
[White "Esipenko, Andrey"]
[Black "Motylev, Alexander"]
[Result "1-0"]
[WhiteElo "2716"]
[BlackElo "2642"]
[PlyCount "64"]
[EventDate "2021.08.16"]
[EventType "swiss (blitz)"]
[EventRounds "14"]
[EventCountry "RUS"]
[SourceTitle "CBM 203 Extra"]
[Source "ChessBase"]
[SourceDate "2021.09.30"]
[SourceVersion "1"]
[SourceVersionDate "2021.09.30"]
[SourceQuality "1"]

1. Nf3 d5 2. g3 Nf6 3. Bg2 e6 4. O-O Be7 5. d3 O-O 6. Re1 a5 ({RR} 6... Nc6 7. a3 a5 8. Nc3 e5 9. e4 dxe4 10. dxe4 Be6 11. Bg5 h6 12. Bxf6 Bxf6 13. Nd5 Nd4 14. Nxf6+ Qxf6 15. Nxd4 exd4 16. e5 Qd8 17. Bxb7 Rb8 18. Qf3 c5 19. b3 a4 20. b4 cxb4 21. axb4 {Amin,B (2684)-Nepomniachtchi,I (2779) chess.com INT 2023 0-1 (48)}) ({RR} 6... c5 7. b3 Nc6 8. Bb2 b6 9. Nbd2 Bb7 10. a4 Qc7 11. e3 Rfd8 12. c3 a6 13. Qc2 e5 14. Rac1 Rac8 15. Qb1 b5 16. axb5 axb5 17. h3 h6 18. Nh4 Qd7 19. Kh2 Qe6 20. f4 Bd6 21. Rf1 {Baradaran Tamadon,A (2304)-Lorenzo de la Riva,L (2419) chess.com INT 2024 0-1 (37)}) ({RR} 6... Nc6 7. Nbd2 e5 8. e4 dxe4 9. Nxe4 Nxe4 10. Rxe4 Bf5 11. Re1 Qd6 12. Be3 Qb4 13. Qc1 Rad8 14. Nd2 Qa4 15. Nc4 Be6 16. b3 Qa6 17. h4 Bb4 18. c3 Be7 19. Qc2 Bd5 20. a4 Bxg2 21. Kxg2 {Esipenko,A (2716)-Fedoseev,V (2700) Moscow 2021 0-1 (42)}) 7. a4 Nc6 8. Nbd2 Bc5 $146 ({RR} 8... e5 9. e4 dxe4 10. Nxe4 Nxe4 11. dxe4 Qxd1 12. Rxd1 Bc5 13. c3 Be6 14. Re1 Rfd8 15. Be3 Bxe3 16. Rxe3 Rd6 17. Bf1 f6 18. Rd3 Rxd3 19. Bxd3 Rd8 20. Ne1 Nb8 21. f3 Nd7 22. Kf2 Bb3 23. Ke3 {Hellmayr,A (2158)-Riemelmoser,F (2228) Austria AUT 2023 ½-½ (50)}) 9. e4 dxe4 10. Nxe4 Nxe4 11. Rxe4 h6 12. Bf4 Bd6 13. Qd2 f5 14. Ree1 g5 15. Bxd6 cxd6 16. d4 g4 17. Nh4 Qg5 18. Qc3 d5 19. Qc5 Kg7 20. c4 dxc4 21. d5 exd5 22. Bxd5 Bd7 23. Bxc6 Bxc6 24. Re7+ Rf7 25. Nxf5+ Kg8 26. Rxf7 Kxf7 27. Re1 Rf8 28. Re7+ Kg8 29. Rg7+ Qxg7 30. Nxg7 Kxg7 31. Qd4+ Kh7 32. Qxg4 Re8 1-0

[Event "Malmo Torso"]
[Site "Malmo"]
[Date "2021.08.21"]
[Round "3"]
[White "Agrest, Evgenij"]
[Black "Hellers, Ferdinand"]
[Result "1-0"]
[WhiteElo "2568"]
[BlackElo "2592"]
[PlyCount "55"]
[EventDate "2021.08.21"]
[EventType "tourn (rapid)"]
[EventRounds "18"]
[EventCountry "SWE"]
[EventCategory "11"]
[SourceTitle "CBM 203 Extra"]
[Source "ChessBase"]
[SourceDate "2021.09.30"]
[SourceVersion "1"]
[SourceVersionDate "2021.09.30"]
[SourceQuality "1"]

1. Nf3 f5 2. d3 Nc6 3. d4 e6 4. Bf4 ({RR} 4. g3 Nf6 5. Bg2 g6 6. O-O Bg7 7. c4 O-O 8. Nc3 d6 9. d5 Ne7 10. dxe6 Bxe6 11. b3 h6 12. Bb2 Bf7 13. Qc2 Nc6 14. Rad1 Qe7 15. e3 Rae8 16. a3 Ne4 17. Nd5 Bxd5 18. cxd5 Nd8 {Carlsen,M (2859)-Vachier Lagrave,M (2736) chess.com INT 2022 0-1 (64)}) ({RR} 4. c4 Nf6 5. g3 d5 6. Nbd2 Be7 7. Bg2 Ne4 8. O-O Bf6 9. e3 h5 10. b3 h4 11. Bb2 hxg3 12. hxg3 Qd7 13. Ne5 Bxe5 14. dxe5 Qf7 15. cxd5 exd5 16. Nf3 Be6 17. Rc1 Qh5 18. Re1 g5 {Mekhitarian,K (2564)-Williams,S (2446) chess.com INT 2025 ½-½ (72)}) 4... Nf6 5. e3 d6 6. h3 $146 ({RR} 6. c4 Qe7 7. Nc3 g6 8. Be2 Bg7 9. O-O O-O 10. Rc1 h6 11. d5 Nd8 12. dxe6 Nxe6 13. Bg3 Ne4 14. Nxe4 fxe4 15. Nd2 Ng5 16. b4 h5 17. h3 Bf5 18. Nb3 h4 19. Bf4 Ne6 20. Bh2 Rad8 {Speelman,J (2504)-Wall,T (2281) England 2022 ½-½ (47)}) 6... g6 7. Nc3 Bg7 8. Bc4 O-O 9. g4 Kh8 10. gxf5 exf5 11. Qe2 Na5 12. Bd3 Be6 13. Ng5 Bg8 14. h4 Nh5 15. Qf3 c5 16. d5 Qf6 17. Bh2 a6 18. a4 Rad8 19. Rd1 Rfe8 20. Kf1 Qe7 21. Be2 Be5 22. Qh3 Bxh2 23. Rxh2 Ng7 24. Rg2 h6 25. h5 gxh5 26. Bxh5 Qf6 27. Bxe8 Rxe8 28. Ne2 1-0

[Event "Skalica"]
[Site "Skalica"]
[Date "2021.08.21"]
[Round "1"]
[White "Korobov, Anton"]
[Black "Michalik, Peter"]
[Result "1-0"]
[WhiteElo "2683"]
[BlackElo "2592"]
[PlyCount "61"]
[EventDate "2021.08.21"]
[EventType "tourn"]
[EventRounds "9"]
[EventCountry "SVK"]
[EventCategory "10"]
[SourceTitle "CBM 204 Extra"]
[Source "ChessBase"]
[SourceDate "2022.09.12"]
[SourceVersion "1"]
[SourceVersionDate "2022.09.12"]
[SourceQuality "1"]

1. Nf3 d5 2. c4 d4 3. b4 Bg4 4. Ne5 Bf5 5. e3 ({RR} 5. d3 Nd7 6. Nxd7 Qxd7 7. Nd2 e5 8. b5 Nf6 9. g3 Bh3 10. Bxh3 Qxh3 11. Nf3 Bc5 12. Nxe5 O-O 13. e4 dxe3 14. Bxe3 Bxe3 15. fxe3 Qg2 16. Rf1 Qxh2 17. Nf3 Qxg3+ 18. Kd2 a6 19. a4 axb5 {Grigoryan,A (2583)-Zhigalko,S (2671) Yerevan 2014 0-1}) 5... f6 6. Qa4+ $146 ({RR} 6. Qf3 Bxb1 7. Qxb7 fxe5 8. Qxa8 Bf5 9. Qxa7 Nf6 10. d3 dxe3 11. Bxe3 e6 12. Qa4+ Nbd7 13. Be2 Be7 14. O-O O-O 15. Qb3 Qa8 16. a4 Rb8 17. b5 e4 18. d4 e5 19. c5+ Kh8 20. c6 exd4 {Zhang,D (2186)-Grigoriants,S (2557) chess.com INT 2023 ½-½ (74)}) 6... c6 7. Nf3 e5 8. exd4 exd4 9. c5 d3 10. Bb2 Nh6 11. Na3 b5 12. cxb6 Qxb6 13. Nd4 Bg6 14. Bc3 Be7 15. g3 Be4 16. f3 Bg6 17. Nc4 Qb7 18. Bg2 O-O 19. f4 Nf5 20. Nxf5 Bxf5 21. O-O Be6 22. Na5 Qb6+ 23. Kh1 Bd5 24. Rae1 Qd8 25. Re3 g5 26. Qd1 Bxa2 27. Qe1 Rf7 28. fxg5 fxg5 29. Rxf7 Kxf7 30. Qf1+ Kg8 31. Qf5 1-0

[Event "Titled Tuesday intern op 24th Aug"]
[Site "Chess.com INT"]
[Date "2021.08.24"]
[Round "9"]
[White "Sadhwani, Raunak"]
[Black "Tang, Andrew"]
[Result "1-0"]
[WhiteElo "2579"]
[BlackElo "2509"]
[PlyCount "133"]
[EventDate "2021.08.24"]
[EventType "swiss (blitz)"]
[EventRounds "11"]
[EventCountry "USA"]
[SourceTitle "EXT 2022"]
[Source "ChessBase"]
[SourceDate "2021.10.06"]
[SourceVersion "1"]
[SourceVersionDate "2021.10.06"]
[SourceQuality "1"]

1. b3 d5 2. Bb2 c5 3. e3 Nc6 4. Nf3 Nf6 5. Bb5 Qb6 6. a4 a6 7. Bxc6+ ({RR} 7. a5 Qc7 8. Bxc6+ Qxc6 9. O-O g6 10. c4 dxc4 11. bxc4 Bg7 12. Ne5 Qc7 13. Qa4+ Nd7 14. Nxd7 Bxd7 15. Qb3 Bxb2 16. Qxb2 O-O 17. Nc3 Bc6 18. d4 cxd4 19. exd4 Rfd8 20. Rfd1 Rac8 21. d5 Be8 {Artemiev,V (2711)-Tang,A (2538) Chess.com INT 2020 1-0 (56)}) 7... Qxc6 8. a5 ({RR} 8. Ne5 Qc7 9. O-O e6 10. f4 Bd6 11. d3 O-O 12. Nd2 Ne8 13. c4 f6 14. Nef3 Bd7 15. g3 Bc6 16. Rc1 Qe7 17. e4 d4 18. Qe2 Bc7 19. b4 b6 20. a5 Rd8 21. axb6 Bxb6 22. bxc5 Bxc5 {Pourkashiyan,A (2297)-Mora Moron,J (2040) chess.com INT 2025 0-1 (45)}) ({RR} 8. h3 g6 9. O-O Bg7 10. d3 O-O 11. Nbd2 b5 12. Qe2 Bb7 13. Ne5 Qc7 14. f4 Rfd8 15. Ndf3 Ne8 16. Ng5 Nd6 17. axb5 axb5 18. Rxa8 Rxa8 19. Nexf7 Bxb2 20. f5 Qd7 21. fxg6 hxg6 22. Nh6+ Kg7 {Suvorov,A (2334)-Tang,A (2502) chess.com INT 2024 0-1}) 8... g6 9. d3 $146 ({RR} 9. Nc3 Bg7 10. Na4 O-O 11. Nb6 Ra7 12. O-O Nd7 13. Bxg7 Kxg7 14. Nxd7 Bxd7 15. h3 f6 16. d3 e5 17. c4 Be6 18. Qc2 Raa8 19. e4 d4 20. Rfb1 f5 21. b4 fxe4 22. dxe4 cxb4 23. Rxb4 Rxf3 {Domingo Nunez,R (2417)-Bilan,D (2303) chess.com INT 2023 1-0 (34)}) 9... Bg7 10. Nbd2 O-O 11. O-O Rd8 12. Qc1 h6 13. h3 Bf5 14. Re1 g5 15. Nf1 Rac8 16. Ng3 Bh7 17. Be5 Bf8 18. Ra4 Nd7 19. Bb2 f6 20. e4 d4 21. c3 e5 22. cxd4 exd4 23. Rc4 Ne5 24. Nxe5 fxe5 25. Nf5 Qb5 26. b4 Kh8 27. Ba3 Bg8 28. Rxc5 Bxc5 29. bxc5 Qxd3 30. Bb4 Kh7 31. h4 Qc4 32. Qd2 Rc6 33. hxg5 Rg6 34. c6 Qxc6 35. Be7 Rc8 36. Bf6 Qc3 37. Qd1 Bb3 38. Qb1 d3 39. Bxe5 Qxe5 40. Qxb3 d2 41. Rd1 Rc1 42. Qf7+ Qg7 43. Nxg7 Rxd1+ 44. Kh2 Rh1+ 45. Kg3 Rxg5+ 46. Kf4 Rh4+ 47. Ke3 Rxg7 48. Qf5+ Kh8 49. Kxd2 Rhg4 50. g3 R4g5 51. Qc8+ Kh7 52. f4 Rxa5 53. e5 Ra2+ 54. Ke3 Ra3+ 55. Ke4 Raxg3 56. f5 h5 57. f6 R7g4+ 58. Kd5 h4 59. Qf5+ Kg8 60. Qc8+ Kh7 61. f7 Rd3+ 62. Ke6 Rg6+ 63. Ke7 Rf3 64. f8=Q Rxf8 65. Qxf8 h3 66. Qf5 h2 67. Kf7 1-0